000 01669nam0a2200325 i 4500
001 RU\NLR\BIBL_A\010955404
005 20260409072440.0
010 _a9785990698444
_9500
021 _aRU
_b2015-100308
_96245
035 _a(NLR Aleph) 010955404
090 _a10788168
_c10788168
100 _a20160121d2015 k y0rusy50 ca
101 0 _arus
102 _aRU
105 _aa|||z|||100yy
200 1 _aРазвитие образования и науки в современном обществе
_e[материалы Конференции] (с публикацией научных трудов, ISBN, РИНЦ)
_fМеждунар. заоч. науч.-практ. конф., 30 ноября 2015 года
_g[под общ. ред. А. В. Туголукова]
210 _aМосква
_cИП Туголуков А. В.
_d2015
215 _a105 с.
_cил.
_d21
300 _aВ надзаг.: Центр перспектив. науч. публ.
320 _aБиблиогр. в конце ст.
606 _aОбразование
_jСъезды, совещания и т.п
_91614809
_3RU\NLR\AUTH\661010307
606 _aНаучные конференции
_jСборники
_yМосква, город
_92279855
_3RU\NLR\AUTH\6601594309
686 1 _aЧ34я431
686 1 _aЯ431(2-2М)
702 1 _aТуголуков
_bА. В.
_gАлександр Валерьевич
_4340
712 0 2 _4570
_aЦентр перспективных научных публикаций
_cМосква
_9480753
_3RU\NLR\AUTH\880407257
942 _cBOOK
980 _aNBR